The teacher and the school curriculum: (Record no. 16183)
[ view plain ]
| 000 -LEADER | |
|---|---|
| fixed length control field | 00668nam a22001817a 4500 |
| 008 - FIXED-LENGTH DATA ELEMENTS--GENERAL INFORMATION | |
| fixed length control field | 210614b ||||| |||| 00| 0 eng d |
| 020 ## - INTERNATIONAL STANDARD BOOK NUMBER | |
| International Standard Book Number | 9786210400052 |
| 082 ## - DEWEY DECIMAL CLASSIFICATION NUMBER | |
| Edition number | 2020 |
| Classification number | DFil 375.001 |
| Item number | P289 |
| 100 ## - MAIN ENTRY--PERSONAL NAME | |
| Personal name | Pawilen, Greg T., |
| Dates associated with a name | author. |
| 9 (RLIN) | 43338 |
| 245 ## - TITLE STATEMENT | |
| Title | The teacher and the school curriculum: |
| Remainder of title | a guide to curriculum development practice/ |
| Statement of responsibility, etc. | Greg T. Pawilen |
| 250 ## - EDITION STATEMENT | |
| Edition statement | First Edition |
| 260 ## - PUBLICATION, DISTRIBUTION, ETC. (IMPRINT) | |
| Place of publication, distribution, etc. | Manila, Philippines: |
| Name of publisher, distributor, etc. | Rex Bookstore, |
| Date of publication, distribution, etc. | ©2020. |
| 300 ## - PHYSICAL DESCRIPTION | |
| Extent | iii, 155 pages; |
| Dimensions | 25 cm. |
| 500 ## - GENERAL NOTE | |
| General note | Includes bibliographical references and index. |
| 650 ## - SUBJECT ADDED ENTRY--TOPICAL TERM | |
| Topical term or geographic name as entry element | Curriculum planning. |
| 9 (RLIN) | 43339 |
| 650 ## - SUBJECT ADDED ENTRY--TOPICAL TERM | |
| Topical term or geographic name as entry element | Instructional systems -- Design. |
| 9 (RLIN) | 43340 |
| 942 ## - ADDED ENTRY ELEMENTS (KOHA) | |
| Source of classification or shelving scheme | Dewey Decimal Classification |
| Koha item type | Filipiniana |
| Withdrawn status | Lost status | Source of classification or shelving scheme | Damaged status | Not for loan | Collection code | Home library | Current library | Shelving location | Date acquired | Source of acquisition | Total Checkouts | Full call number | Barcode | Date last seen | Date last checked out | Copy number | Price effective from | Koha item type |
|---|---|---|---|---|---|---|---|---|---|---|---|---|---|---|---|---|---|---|
| Dewey Decimal Classification | Filipiniana | UM Digos College - LIC | UM Digos College - LIC | Book Cart | 05/12/2021 | Purchased | 10 | DFil 375.001 P289 2020 | 26133 | 05/15/2025 | 10/02/2024 | 1 | 06/14/2021 | Filipiniana | ||||
| Dewey Decimal Classification | Filipiniana | UM Digos College - LIC | UM Digos College - LIC | Book Cart | 05/12/2021 | Purchased | 14 | DFil 375.001 P289 2020 | 26134 | 12/16/2025 | 05/17/2025 | 2 | 06/14/2021 | Filipiniana | ||||
| Dewey Decimal Classification | Filipiniana | UM Digos College - LIC | UM Digos College - LIC | Book Cart | 05/12/2021 | Purchased | 7 | DFil 375.001 P289 2020 | 26135 | 02/02/2026 | 01/30/2026 | 3 | 06/14/2021 | Filipiniana |
